000
00314nam a2200145Ia 4500
100
_a
Taxali R.K.
942
_c
BK
654
_a
PC Software
245
_a
PC Software for Windows
260
_b
Tata Mc Graw hill
_a
New Delhi
_c
1998
082
_a
5.1
_b
TAX
300
_a
678
546
_a
ENGLISH
999
_c
31589
_d
31589